中史初階小測驗(十) - Statistics

General Stats
  • This quiz has been taken 44 times
  • The average score is 7 of 10
Answer Stats
Question Answer % Correct
以下哪一項不是文革時紅衛兵的所作所爲? 對林彪發動政變行刺毛澤東而進行逮捕
100%
中華人民共和國在哪一天宣佈成立? 1949年10月1日
100%
台灣的白色恐怖是指什麼? 動員戡亂時期國民黨對反對派的逼害
90%
什麼是1950年代末中蘇交惡的其中原因? 毛澤東與赫魯曉夫就史太林與共產主義意識形態上的分歧
90%
大躍進期間爲了增加農業生產,對什麼雀鳥進行毀滅? 麻雀
90%
1976年毛澤東死後誰接替他的位置? 華國鋒
70%
1947年二二八事件中軍隊對平民反政府示威進行武力鎮壓。事件發生在哪裏? 台灣
60%
哪一個城市在1948年被中共軍隊圍攻,導致十五萬平民死於饑荒? 長春
50%
以下哪一國家在1971年聯合國投票贊成中華人民共和國取替中華民國代表中國? 英國
50%
韓戰中中國有多少軍隊死亡或失蹤? 400,000
20%
No matching quizzes found
Score Distribution
Percent of People with Each Score
Percentile by Number Answered
Your Score History
You have not taken this quiz